Fly, little bird / Tina Burke.
Available copies
- 1 of 1 copy available at LARL/NWRL Consortium. (Show)
- 1 of 1 copy available at Northwest Regional Library.
Current holds
0 current holds with 1 total copy.
Show Only Available Copies
| Location | Call Number / Copy Notes | Barcode | Shelving Location | Status | Due Date |
|---|---|---|---|---|---|
| Warroad Public Library | e BUR (Text) | 35500003821954 | Main | Available | - |
Record details
- ISBN: 1933605022 (hc.)
- Physical Description: 1 v. (unpaged) : col. ill ; 27 cm.
- Edition: 1st American ed.
- Publisher: La Jolla, CA : Kane/Miller Book Publishers, Inc., 2005.
Content descriptions
| Summary, etc.: | A wordless journey with a girl, her dog, and lost ... Read More |
Search for related items by subject
| Subject: | Friendship > Fiction. |
| LDR | 00814nam a2200229Ia 4500 | ||
|---|---|---|---|
| 001 | 69872 | ||
| 003 | LARL_NWRL_CONSORTIUM | ||
| 005 | 20060407085034.0 | ||
| 008 | 060227s2005 caua j 000 0 eng | ||
| 010 | . | ‡a2005931627 | |
| 020 | . | ‡a1933605022 (hc.) | |
| 024 | 3 | . | ‡a9781933605029 |
| 040 | . | ‡aBKX ‡cBKX ‡dBAKER | |
| 100 | 1 | . | ‡aBurke, Tina. ‡0(LARL_NWRL_CONSORTIUM)213234 |
| 245 | 1 | 0. | ‡aFly, little bird / ‡cTina Burke. |
| 250 | . | ‡a1st American ed. | |
| 260 | . | ‡aLa Jolla, CA : ‡bKane/Miller Book Publishers, Inc., ‡c2005. | |
| 300 | . | ‡a1 v. (unpaged) : ‡bcol. ill ; ‡c27 cm. | |
| 520 | . | ‡aA wordless journey with a girl, her dog, and lost little bird. | |
| 650 | 0. | ‡aFriendship ‡vFiction. ‡0(LARL_NWRL_CONSORTIUM)164944 | |
| 901 | . | ‡a69872 ‡bISxN ‡c69872 ‡tbiblio | |

Add to basket
Permalink
Disable Highlighting